Condor Airlines Fleet - Statistics

General Stats
  • This quiz has been taken 26 times
  • The average score is 5 of 6
Answer Stats
Hint Answer % Correct
Airbus A320-200
95%
Airbus A321-200
95%
Airbus A320neo
90%
Airbus A321neo
85%
Airbus A330-900neo
70%
Boeing 757-300
55%
No matching quizzes found
Score Distribution
Percent of People with Each Score
Percentile by Number Answered
Your Score History
You have not taken this quiz